Czechoslovak Economic Papers 4
Saved in:
| Other Authors: | |
|---|---|
| Format: | Book |
| Language: | Czech |
| Published: |
Praha :
Československá akademie věd,
1964.
|
| Edition: | 1. vyd. |
| ISBN: |
(brož.) |
| Physical Description: |
164 s. |
| Tags: |
Add Tag
No Tags, Be the first to tag this record!
|
Titul je dostupný aj v ... 

MARC
| LEADER | 00000nam a22000001 4500 | ||
|---|---|---|---|
| 001 | 000469749 | ||
| 005 | 20150517131711.0 | ||
| 008 | 970715 1964 xr e cze d | ||
| 020 | |a (brož.) |c Kčs 16,00 | ||
| 040 | |a SVKKK |b slo |c SVKKK |e AACR2 | ||
| 041 | 0 | |a cze | |
| 044 | |a xr |c CZ | ||
| 245 | 1 | 0 | |a Czechoslovak Economic Papers |n 4 |
| 250 | |a 1. vyd. | ||
| 260 | |a Praha : |b Československá akademie věd, |c 1964. | ||
| 300 | |a 164 s. | ||
| 700 | 1 | |a Levčík, Bedřich |4 com | |
| 910 | |a svkkk | ||
| 998 | |a BK | ||
| 090 | |g SCKHL |k Sklad Pribinova 1. posch. |a IV.33729 |j 357018 |i 469749-10 |s Povinný výt. | ||